书目信息 |
| 题名: |
斯大林秘闻
|
|
| 作者: | 拉津斯基 ;李惠生盛大世良 | |
| 分册: | ||
| 出版信息: | 北京 新华出版社 1997 |
|
| 页数: | 685 | |
| 开本: | 20cm | |
| 丛书名: | 国际政界名人译丛 | |
| 单 册: | ||
| 中图分类: | A74 | |
| 科图分类: | ||
| 主题词: | 斯大林--传记 , 斯大林--生平事迹 | |
| 电子资源: | ||
| ISBN: | 7-5011-342708 | |
| 000 | 00811nam0 2200241 450 | |
| 001 | 0735257515 | |
| 005 | 20070904094737.51 | |
| 010 | @a7-5011-342708@d39 | |
| 100 | @a20070904d km y0chiy0120 ea | |
| 101 | 0 | @achi |
| 200 | 1 | @a斯大林秘闻@Asi da lin mi wen@e原苏联秘密档案最新披露@f拉津斯基@Fla jin si ji@g李惠生盛大世良等@Gli hui sheng sheng da shi liang deng |
| 210 | @a北京@c新华出版社@d1997 | |
| 215 | @a685@d20cm | |
| 225 | 2 | @a国际政界名人译丛 |
| 410 | 0 | @12001 @a国际政界名人译丛 |
| 517 | 1 | @a原苏联秘密档案最新披露@Ayuan su lian mi mi dang an zui xin pi lu |
| 606 | 0 | @a斯大林@x传记 |
| 606 | 0 | @a斯大林@x生平事迹 |
| 690 | @aA74@v3 | |
| 701 | 0 | @a拉津斯基@Ala jin si ji |
| 702 | 0 | @a李惠生盛大世良@Ali hui sheng sheng da shi liang |
| 801 | 0 | @aCN@bPFT@c20070904 |
| 905 | @a213230@dA74@ea4@f1 | |
| 斯大林秘闻:原苏联秘密档案最新披露/拉津斯基/李惠生盛大世良等.-北京:新华出版社,1997 |
| 685;20cm.-(国际政界名人译丛) |
| ISBN 7-5011-342708:39 |
| ● |
| 相关链接 |
|
|
|
|
正题名:斯大林秘闻
索取号:A74/a4
 
预约/预借
| 序号 | 登录号 | 条形码 | 馆藏地/架位号 | 状态 | 备注 |
| 1 | 7500119 | 275001196 | 史法系资料室/ [索取号:A74/a4] | 在馆 |